Program Consensus ako proces dorozumenia

Program Consensus ako súčasť multinárodného programu PHARE. Zameranie a ciele programu Consensus. Účastníci a projekty programu Consensus.

Guardado en:
Detalles Bibliográficos
Autor principal: Alexyová, Katarína
Otros Autores: Zelmanová, Lýdia
Formato: Capítulo de libro
Lenguaje:eslovaco
Materias:
Etiquetas: Agregar Etiqueta
Sin Etiquetas, Sea el primero en etiquetar este registro!

MARC

LEADER 00000naa a2200000 4500
001 r032748
005 20230807092307.8
041 0 |a slo 
044 |a SK 
245 1 0 |a Program Consensus ako proces dorozumenia  |c Katarína Alexyová, Lýdia Zelmanová 
520 |a Program Consensus ako súčasť multinárodného programu PHARE. Zameranie a ciele programu Consensus. Účastníci a projekty programu Consensus. 
610 2 0 |a programy rozvojové 
610 2 0 |a ochrana sociálna 
610 2 0 |a zabezpečenie sociálne 
610 2 0 |a projekty 
610 2 0 |a legislatíva 
610 2 0 |a reformy sociálne 
610 2 0 |a Slovensko 
610 2 0 |a PHARE 
100 1 |a Alexyová, Katarína 
700 1 |a Zelmanová, Lýdia